| 000 | 00964nab a2200265 uc4500 | ||
|---|---|---|---|
| 001 | 911472 | ||
| 005 | 20240605085502.0 | ||
| 008 | 050301e20031205 spa | ||
| 035 | _a911472 | ||
| 035 | _a(OCoLC)820305833 | ||
| 040 | _ccomduadb | ||
| 041 | _aspa | ||
| 100 | 1 | 0 |
_aHam Chande, Robert _4aut _eaut _9316038 |
| 245 | 1 | 0 | _aRedes de apoyo y arreglos de domicilio de las personas en edades de avanzadas en la ciudad de Mexico |
| 650 |
_aRedes de apoyo social _9109797 |
||
| 650 |
_aMéxico _942871 |
||
| 650 |
_aSeguridad social - México _9171887 |
||
| 650 | 7 |
_aAncianos _2embne _938711 |
|
| 650 | 7 |
_aEnvejecimiento de la población _2lemb _957044 |
|
| 650 | 0 |
_aApoyo social _935473 |
|
| 700 | 1 | 0 |
_aYbanez Zepeda, E. _4aut _eaut _9399236 |
| 700 | 1 | 0 |
_aTorres Martinez, Ana Luz _4aut _eaut _9535871 |
| 773 | 0 |
_tNotas de Población (Santiago de Chile) _gVolumen 30, Número 077, Diciembre de 2003, p. 71-101 _w394197 _x0303-1829 _0115586 |
|
| 942 | _cARIMP | ||
| 999 |
_c342834 _d342834 |
||